01672cam a22003971 4500001000700000003000600007005001700013008004100030010001300071020001500084020001800099020002200117020002500139040006800164041001300232050002200245082001700267100004000284240003300324245014500357260004100502300002800543336002600571337002800597338002700625490003900652504006300691505009400754650005200848650004000900650005800940700003600998700003501034776016901069830003601238374807OCoLC20190115192144.0720808s1964 inu b 001 0 eng  a63016932 a0672510650 a9780672510656 a0672603683 (pbk.) a9780672603686 (pbk.) aDLCbengcMIAdDLCdNLGGCdBTCTAdXBEdOCLCGdITCdOCLCAdOCLCF1 aenghlat0 aBR65b.A6643 1964 a233.7bA923o0 aAugustine,cSaint, Bishop of Hippo.10aDe libero arbitrio.lEnglish10aOn free choice of the willc[by] Saint Augustine. Translated by Anna S. Benjamin and L.H. Hackstaff. With an introduction by L.H. Hackstaff. aIndianapolis,bBobbs-Merrillc[1964] axxxi, 162 pagesc21 cm. atextbtxt2rdacontent aunmediatedbn2rdamedia avolumebnc2rdacarrier1 aThe library of liberal arts ;v150 aIncludes bibliographical references (page xxxi) and index.0 aOn free choice of the will. Book one ; Book two ; Book three -- Appendix : retractations. 0aFree will and determinismvEarly works to 1800. 0aGood and evilvEarly works to 1800. 0aGod (Christianity)xOmnipotencevEarly works to 1800.1 aBenjamin, Anna S.,etranslator.1 aHackstaff, L. H.,etranslator.08iOnline version:aAugustine, Saint, Bishop of Hippo.sDe libero arbitrio. English.tOn free choice of the will.dIndianapolis, Bobbs-Merrill [1964]w(OCoLC)756432853 0aLibrary of liberal arts ;v150.